| 000 | 01439nam0a2200349 4500 | ||
|---|---|---|---|
| 001 | RU\NLR\BIBL_A\022653662 | ||
| 005 | 20260420055333.0 | ||
| 010 |
_a978-5-04-198601-8 _92000 |
||
| 021 |
_aRU _bКН-П-25-054759 _9КН-П-25-5285 |
||
| 035 | _a(NLR Aleph) 022653662 | ||
| 090 |
_a13685778 _c13685778 |
||
| 100 | _a20251024d2025 u y0rusy50 ca | ||
| 101 | 0 | _arus | |
| 102 | _aRU | ||
| 105 | _aa z 001yy | ||
| 181 | 0 |
_ai _baxxe |
|
| 181 | 0 |
_ab2 _bbb2e |
|
| 182 | 0 | _an | |
| 200 | 1 |
_aСибирская кухня _eвековые традиции самого большого региона России _f[главный редактор Р. Фасхутдинов] |
|
| 203 |
_aТекст _aИзображение _bвизуальные _cнепосредственные |
||
| 210 |
_aМосква _cХлеб-Соль _cЭксмо _d2025 |
||
| 215 |
_a92, [1] с. _cцв. ил. _d22 |
||
| 225 | 1 | _aСила простой еды | |
| 225 | 1 | _aКулинарный атлас России. Вкусы, рецепты и традиции регионов | |
| 320 | _aАлф. указ. в конце кн. | ||
| 606 | 1 |
_aСибирская кухня _92191718 _3RU\NLR\AUTH\661317466 |
|
| 686 | 1 | _aЛ997(2)Сибирская | |
| 702 | 1 |
_7ca _8rus _aФасхутдинов _bР. _gРамиль _9221368 _3RU\NLR\AUTH\770221424 |
|
| 942 | _cBOOK | ||
| 980 | _aNB | ||